Congress proceedings synthesis : (Record no. 11371)

000 -LEADER
fixed length control field 01429nam a2200205Ia 4500
020 ## - INTERNATIONAL STANDARD BOOK NUMBER
ISBN 9251051615 (pbk.)
040 ## - CATALOGING SOURCE
Transcribing agency FQG
082 ## - DEWEY DECIMAL CLASSIFICATION NUMBER
Classification number 333 FOO 2004 A015 Or.
245 10 - TITLE STATEMENT
Title Congress proceedings synthesis :
Remainder of title XII World Forestry Congress, Qu©♭bec City, Canada, September 21 to 28, 2003 : Forests, source of life
246 30 - VARYING FORM OF TITLE
Title proper/short title XII World Forestry Congress
246 30 - VARYING FORM OF TITLE
Title proper/short title Forests, source of life
260 ## - PUBLICATION, DISTRIBUTION, ETC. (IMPRINT)
Place of publication Rome :
Name of publisher Food and Agriculture Organization of the United Nations,
Year of publication 2004
300 ## - PHYSICAL DESCRIPTION
Number of Pages 127 p. ;
Dimensions 23 cm
520 ## - SUMMARY, ETC.
Summary, etc Organized once every six years under the auspices of FAO, the World Forestry Congress is the most important forestry event held in the world. The twelfth session was held from 21 to 28 September 2003 in Quebec City, Canada, with the theme "Forests: source of life". More than 4000 people from 137 countries participated. The Main Volume of the XII WFC Proceedings was originally published only on CD-ROM. This Synthesis is published in print by FAO to disseminate the key contents of the Main Volume more widely. It contains the Introduction, the Programme, the Final Statement and the Conclusions and Recommendations of the Congress, as well as the statements given during the opening and closing ceremonies
650 #0 - SUBJECT ADDED ENTRY--TOPICAL TERM
Topical Term Forests and forestry
650 #0 - SUBJECT ADDED ENTRY--TOPICAL TERM
Topical Term Sustainable forestry
650 #0 - SUBJECT ADDED ENTRY--TOPICAL TERM
Topical Term Forest management
710 2# - ADDED ENTRY--CORPORATE NAME
Corporate name or jurisdiction name as entry element Food and Agriculture Organization of the United Nations
942 ## - ADDED ENTRY ELEMENTS (KOHA)
Koha item type សៀវភៅភាសាអង់គ្លេស
952 ## - LOCATION AND ITEM INFORMATION (KOHA)
Withdrawn status [LOCAL, KOHA] 0
Holdings
Permanent Location Date acquired Koha item type Lost status Shelving location Barcode Current Location Full call number
Library Block A2017-08-01សៀវភៅភាសាអង់គ្លេស A015RUA060208Library Block A333 FOO 2004 A015 Or.
មជ្ឈមណ្ឌលឯការនៃសាកលវិទ្យាល័យភូមិន្ទកសិកម្មចំការដូង

Powered by Koha